000 00449nam a2200157 i 4500
001 58504
003 ES-MaACL
005 20230906163825.0
007 t|
008 031022s1917 xxu ||||1| eng d
100 1 _aDuggar, John Frederick.
_945933
245 1 0 _aAgriculture for southern schools /
_cby John Frederick Duggar.
260 _aNew York :
_bMacmillan and CÂș,
_c1917.
300 _aXI, XIV, 340 p. ;
_c18 cm.
852 _aES-MaACL
_jD-2649
999 _c58504
_d58504